[Event "Val Thorens A"]
[Site "Val Thorens"]
[Date "1996.??.??"]
[Round "3"]
[White "Magnier, Hugues"]
[Black "Schlupp, Andre"]
[Result "0-1"]
[WhiteElo "2200"]
[BlackElo "1970"]
[PlyCount "82"]
[EventDate "1996.??.??"]
[EventType "swiss"]
[EventRounds "9"]
[EventCountry "FRA"]
[SourceTitle "EXT 2004"]
[Source "ChessBase"]
[SourceDate "2003.11.25"]
[SourceVersion "1"]
[SourceVersionDate "2003.11.25"]
[SourceQuality "1"]

1. d4 d5 2. Nf3 Nc6 3. g3 Nf6 4. Bg2 e6 5. 0-0 Bd6 6. c4 0-0 7. Nc3 dxc4 8. Qa4 Nb4 9. Ne5 c6 10. a3 b5 11. Qd1 Nbd5 12. Nxc6 Qc7 13. Nb4 Nxc3 14. bxc3 Bb7 15. f3 Nd5 16. Nxd5 Bxd5 17. e4 Bb7 18. f4 a5 19. f5 e5 20. f6 g6 21. Rb1 exd4 22. cxd4 Rfe8 23. Qc2 b4 24. e5 b3 25. Qf2 Bf8 26. Bxb7 Qxb7 27. Qf3 Qxf3 28. Rxf3 Red8 29. Bb2 a4 30. Kf2 Rac8 31. Ke2 Rd7 32. Kd2 Bc5 33. Ke3 Bb6 34. Ke4 Rcd8 35. Rd1 Ba5 36. Bc3 Rd5 37. Bxa5 Rxa5 38. Rc3 b2 39. Rxc4 Rb8 40. Rb4 Rxb4 41. axb4 a3 0-1